la palma de cera del Quindio: (Registro nro. 20434)

Detalles MARC
000 -CABECERA
Campo de control 00598nam a22001817a 4500
005 - FECHA Y HORA DE LA ULTIMA TRANSACCION
Campo de control 20190724111624.0
008 - ELEMENTOS DE LONGITUD FIJA—INFORMACION GENERAL
Campo de control 190228b xxu||||| |||| 00| 0 spa d
040 ## - FUENTE DE CATALOGACIÓN
Agencia catalogadora original CO-BoIAVH
Agencia transcriptora CO-BoIAVH
041 ## - IDIOMA
Código de idioma para texto/pista de sonido o título separado Español
044 ## - PAÍS DE PUBLICACIÓN
País de publicación Colombia
090 ## - CLASIFICACIÓN LOCAL
Colección FG
Consecutivo 0330
110 ## - ASIENTO PRINCIPAL--NOMBRE CORPORATIVO
9 (RLIN) 35170
Nombre corporativo o de jurisdicción como elemento de entrada Corporación Autónoma Regional del Quindio CRQ
245 13 - MENCION DE TITULO
Título la palma de cera del Quindio:
Parte restante del título Ceroxylon quindiuense
260 ## - PUBLICACION, DISTRIBUCION, ETC. (PIE DE IMPRENTA)
Lugar de publicación, distribución, etc. Colombia:
Nombre del editor, distribuidor, etc. Corporación Autónoma Regional del Quindio CRQ,
Fecha de publicación, distribución, etc. 1995.
300 ## - DESCRIPCION FISICA
Extensión 34 páginas
Dimensiones 16x23cm
650 #0 - ASIENTO SECUNDARIO DE MATERIA - TERMINO TEMATICO
9 (RLIN) 10029
Término temático o nombre geográfico como elemento de entrada Palma de cera
Subdivisión general Variedades
Subdivisión geográfica Quindío (Colombia)
942 ## - ELEMENTOS ADICIONALES (KOHA)
Sistema de clasificación Local
Tipo de ítem Folleto
Existencias
Withdrawn status Lost status Sistema de Clasificación Damaged status No para préstamo Colección Ubicación Permanente Ubicación actual Fecha de adquisición Total Checkouts Número topográfico Inventario / Código de Barras Date last seen Ejemplar Price effective from Forma de adquisición Tipo de material
    Local     Hemeroteca Bogotá Bogotá 28/02/2019   FG-0330 034632 28/02/2019 Ej. 1 28/02/2019 Donación Folleto